1301 1193 1062 1035 1225 1247 1112 1426 1046 1589 1961 1340 1311 1408 1753 1288 1852 1068 1143 1397 1082 1261 1628 1982 1876 1847 1576 1164 1219 1536 1751 1026 1306 1516 1199 1818 1558 1477 1767 1861 1028 1479 1895 1493 1216 1086 1853 1568 1209 1608 1997 1689 1505 1740 1624 1915 1307 1258 1037 1317 1780 1220 1517 1791 1873 1134 1826 1423 1990 1603 1763 1266 1912 1273 1275 1202 1994 1687 1210 1237 1878 1953 1195 1033 1538 1798 1153 1372 1589 1013 1235 1919 1638 1741 1083 1932 1350 1664 1259 BCNSPRNW ULIB Ver.6.0+V

เปลี่ยนเป็นภาษาไทย

Change to English
 แสดงรายละเอียดบรรณานุกรม
  กลับหน้าหลัก

Brief Record : Get Marc (ISO 2709) : E-mail record : QR code < ปิดหน้าต่าง
LEADER : 00000nam 2200000uu 4500
001    13399120935
003     ULIB
008    121026s2549||||th 000 0 tha d
020    ^a9742317011
020    ^a9789742317010
050  4 ^aH62^bด671ห
100 0  ^aดุจเดือน พันธุมนาวิน
245 10 ^aหลักและวิธีประมวลเอกสารเพื่อความเป็นเลิศในการวิจัยทางจิตพฤติกรรมศาสตร์ =^bPrinciples and methods of literature review for research excellence in psycho-behavioral sciences /^cดุจเดือน พันธุมนาวิน
246 31 ^aPrinciples and methods of literature review for research excellence in psycho-behavioral sciences
250    ^aพิมพ์ครั้งที่ 1
260    ^aกรุงเทพฯ :^bโครงการส่งเสริมเอกสารทางวิชาการคณะพัฒนาสังคมและสิ่งแวดล้อม สถาบันบัณฑิตพัฒนบริหารศาสตร์,^c2549
300    ^a(17), 237 หน้า :^bภาพประกอบ ;^c26 ซม.
504    ^aมีบรรณานุกรมและดัชนี
650  7 ^aการเขียนทางวิชาการ
650  7 ^aจิตวิทยา^xวิจัย
650  7 ^aวิจัย
650  7 ^aวิจัย^xวิธีวิทยา
650  7 ^aสังคมศาสตร์^xวิจัย
650  7 ^aพฤติกรรมศาสตร์^xวิจัย
710 2  ^aสถาบันบัณฑิตพัฒนบริหารศาสตร์.^bคณะพัฒนาสังคมและสิ่งแวดล้อม. ^bโครงการส่งเสริมเอกสารทางวิชาการ
945    ^p300^l0^i14132
995    ^aทศพร
999    ^aทศพร เกษรทอง
รายการนี้ยังไม่มีแท็ก
คุณยังไม่ได้ล็อกอิน คุณสามารถมีกิจกรรมร่วมกับเว็บไซต์ได้ แต่ต้องล็อกอินก่อน ::
  ล็อกอิน

รายการสื่อสารสนเทศ

ลำดับที่ ประเภท เลขเรียก/บาร์โค้ด สถานที่ สถานะ
1. วิทยาศาสตร์การแพทย์ และสุขภาพ
วิทยาศาสตร์การแพทย์ และสุขภาพ
H62 ด671ห ฉ.1 
  Barcode: 14132
ห้องสมุดวิทยาเขตสวรรค์ประชารักษ์
►หนังสือทั่วไป
บนชั้น

รายการใกล้เคียง
    ผู้แต่ง [ดุจเดือน พันธุมนาวิน]

    หัวเรื่อง [การเขียนทางวิชาการ]
    หัวเรื่อง [วิจัย]

BibComment


ยังไม่เคยถูกคอมเมนท์

คอมเมนท์ทรัพยากรรายการนี้
  คอมเมนท์: หลักและวิธีประมว..


 Copyright 2026. Bcnsprnw @Library